U.S. State Population Battle - Sudden Death - Statistics

General Stats
  • This quiz has been taken 91 times
  • The average score is 3 of 10
Answers on the Grid
Answers color-coded by a green-red scale on the quiz's grid according to % correct below.
Utah
Massachusetts
Colorado
Ohio
South Carolina
Virginia
California
Florida
Texas
Vermont
Wyoming
Delaware
Montana
Idaho
South Dakota
Maryland
Alabama
Utah
Michigan
Illinois
New York
South Carolina
Arizona
Tennessee
New Mexico
Kansas
Wisconsin
Hawaii
Montana
Rhode Island
 
Answer Stats
Answer % Correct
Massachusetts
69%
California
67%
Ohio
63%
New York
31%
Delaware
29%
Idaho
19%
Arizona
15%
Maryland
15%
Wisconsin
15%
Hawaii
8%
No matching quizzes found
Score Distribution
Percent of People with Each Score
Percentile by Number Answered
Your Score History
You have not taken this quiz